000 01588nam a22004217a 4500
003 CHAP
005 20220329141203.0
008 971010s1977 r 00010 d
010 _a64045
011 _a65017
035 _a71176
040 _cCHAP
090 _aTesis
100 0 0 _aReyes Domínguez, Onésimo.
_996817
245 _aEstudio preliminar sobre el valor alimenticio de la harina de lirio acuático (Eichornia crassipes) en dietas para pollos de engorda
260 _aChapingo, Méx. :
_bEl autor,
_c1977
300 _a41 h.
_b; gráfs.
502 _aTesis (Ing. Agrónomo Esp. en Zootecnia) -- ENA. Departamento de Zootecnia
590 _aALEPH
_b10
_c20130110
_lUCH01
_h1348
590 _aBATCH-UPD
_b10
_c20130110
_lUCH01
_h0008
590 _aBATCH-UPD
_b10
_c20130110
_lUCH01
_h0742
590 _aBATCH-UPD
_b10
_c20130110
_lUCH01
_h2349
590 _aBATCH-UPD
_b10
_c20130409
_lUCH01
_h1945
590 _aBATCH-UPD
_b10
_c20130410
_lUCH01
_h0424
590 _aBATCH-UPD
_b10
_c20130914
_lUCH01
_h0247
590 _aCONVERSION
_b10
_c20130109
_lUCH01
_h1335
650 1 4 _aAlimentos y alimentación del ganado
_xValor nutritivo.
_94347
650 1 4 _aAves de corral
_xAlimentación.
_98638
650 1 4 _aAves de corral
_xEngorda.
_98647
650 1 4 _aHarina de lirio.
_952710
650 1 4 _aLirio acuático como forraje.
_967074
901 _aBK
942 _cFOLL
949 _aR104
_bZ
_cTESBD
_d-3777
_eTS1
_h594
_i71176
_si
949 _bBC
_cTES
_d-149935
_eTS1
_i71176
_si
949 _bBC
_cTES
_d-149936
_eTS2
_fc.2
_i71176
_si
949 _bBC
_cTES
_d-149937
_eTS2
_fc.3
_h21788
_i71176
_si
999 _c64045
_d64045